000 01396cam a2200133 4500500
005 20251214001512.0
041 _afre
042 _adc
100 1 0 _aJullier, Laurent
_eauthor
245 0 0 _aInterdit aux moins de 18 ans : Morale, sexe et violence au cinéma
260 _bArmand Colin,
_c2008.
520 _aArt de voyants mais aussi de voyeurs, le cinéma n'a cessé de flirter avec les interdits. Ceux du sexe et de la cruauté avant tout. Quand la caméra alanguie s'attarde un peu trop sur un genou féminin, quand un plan-séquence couvre tout le déroulé d'une orgie frénétique et baroque, quand s'ouvrent les portes de la nuit et de l'univers des damnés, certains rougissent dans la pénombre, d'autres se pâment d'aise, la plupart en redemandent... Et les censeurs, sujets finalement aux mêmes stimuli que nos organes intimes, entrent en action... Après une étude comparée du problème de la censure en France et aux États-Unis, l'auteur analyse toutes les attitudes possibles face à la représentation de la violence et du sexe au cinéma. Ce livre très vivant et documenté s'appuie sur l'exemple de films et sur le témoignage de spécialistes de ces questions (membre de la Commission de contrôle, psychologue, sociologue, philosophe, etc.).
856 4 1 _uhttps://shs.cairn.info/interdit-aux-moins-de-18-ans--9782200346294?lang=fr&redirect-ssocas=7080
999 _c1566234
_d1566233